00421pab a2200145 454500008004000000100002100040245011100061260000900172300001400181362000800195650002200203650001200225700002000237773001800257180718b2006 xxu||||| |||| 00| 0 eng d aFobker, Stefanie aEveryday mobility of eldersly people in different urban settings: the example of the city of Bonn, Germany c2006 ap.99-118. aJan aElderly - Germany aElderly aGrotz, Reinhold aUrban Studies